| 000 -LEADER |
| fixed length control field |
00970nam a2200241Ia 4500 |
| 001 - CONTROL NUMBER |
| control field |
9464 |
| 003 - CONTROL NUMBER IDENTIFIER |
| control field |
GE_BSU |
| 008 - FIXED-LENGTH DATA ELEMENTS--GENERAL INFORMATION |
| fixed length control field |
181216s||||||||xx |||||||||||||| ||und|| |
| 020 ## - INTERNATIONAL STANDARD BOOK NUMBER |
| International Standard Book Number |
9994009044 |
| 040 ## - CATALOGING SOURCE |
| Transcribing agency |
GE_BSU |
| 080 ## - UNIVERSAL DECIMAL CLASSIFICATION NUMBER |
| Universal Decimal Classification number |
531(075.8)+531.1+531.2 |
| 100 ## - MAIN ENTRY--PERSONAL NAME |
| Personal name |
გარდაფხაძე,თამაზ, ფაჩულია,ვაჟა, გარდაფხაძე,მარინე |
| 245 ## - TITLE STATEMENT |
| Title |
თეორიული მექანიკა (სტატიკა,კინემატიკა) |
| 245 ## - TITLE STATEMENT |
| Remainder of title |
სახ–ლო სტუდ–ს |
| 245 ## - TITLE STATEMENT |
| Statement of responsibility, etc. |
რედ.ტარიელ კვიტიანი |
| 260 ## - PUBLICATION, DISTRIBUTION, ETC. |
| Place of publication, distribution, etc. |
თბილისი |
| 260 ## - PUBLICATION, DISTRIBUTION, ETC. |
| Name of publisher, distributor, etc. |
ტექნიკური უნ–ტი |
| 260 ## - PUBLICATION, DISTRIBUTION, ETC. |
| Date of publication, distribution, etc. |
2006 |
| 300 ## - PHYSICAL DESCRIPTION |
| Extent |
13ლ.20თ. |
| 300 ## - PHYSICAL DESCRIPTION |
| Accompanying material |
ბიბლიოგრ. გვ. 295 |
| 653 ## - INDEX TERM--UNCONTROLLED |
| Uncontrolled term |
თეორიული მექანიკა (სტატიკა,კინემატიკა) |
| 942 ## - ADDED ENTRY ELEMENTS (KOHA) |
| Koha item type |
წიგნი |